| 000 | 01122nam a22002417a 4500 | ||
|---|---|---|---|
| 999 |
_c4153 _d4153 |
||
| 003 | AR-CdUCM | ||
| 008 | 190308b ||||| |||| 00| 0 spa d | ||
| 020 | _a9786120015667 | ||
| 040 |
_aMUNICIPALIDAD PROVINCIAL DEL CUSCO _cBIBLIOTECA MUNICIPAL DEL CUSCO |
||
| 082 |
_a726 / H22 _bH22 |
||
| 100 |
_aHarvey Valencia, Armando _913164 |
||
| 245 |
_aTrilogía Divina : _bLa Basílica Catedral del Cuzco, la iglesia de la Sagrada Familia y el Triunfo Antología / _cArmando Harvey Valencia, Katherine Harvey Recharte |
||
| 260 |
_aCusco : _bUniversitaria San Antonio Abad del Cusco , _c2014. |
||
| 300 |
_a272 páginas. : _bilustraciones, planos ; _c28 cm. |
||
| 505 | _aContenido : Aspectos Propedeúticos: Antecedentes -- Los Primeros Años de su edificacion -- El Terremoto de 1650 - su terminación e inaguración de la catedral -- El Arte -- Otras novedades e su interior... | ||
| 650 |
_aArquitectura Religiosa _95651 |
||
| 650 |
_aArte Barroco _92947 |
||
| 650 |
_aArte Cusqueño _913165 |
||
| 650 |
_aCatedral del Cusco _946672 |
||
| 700 |
_aHarvey Recharte, Katherine _913166 |
||
| 942 |
_2ddc _cLIBROS |
||
| 945 | _artm | ||